Resultados de las finales de la Eurocopa - Estadísticas

Estadísticas generales
  • Esta prueba ha sido intentada 74 veces
    61 desde el último reinicio
  • La puntuación promedio es 5 de 17
Estadísticas de respuestas
Hint Respuesta % Correcto
2020: Italia - Inglaterra 1-1 (t.s.) (3-2 p.)
61%
2012: España - Italia 4-0
55%
2024: España - Inglaterra 2-1
49%
2004: Grecia - Portugal 1-0
47%
2008: España - Alemania 1-0
43%
2016: Portugal - Francia 1-0 (t.s.)
29%
1984: Francia - España 2-0
24%
1960: Unión Soviética - Yugoslavia 2-1 (t.s.)
24%
1988: Países Bajos - Unión Soviética 2-0
22%
1992: Dinamarca - Alemania 2-0
20%
1964: España - Unión Soviética 2-1
20%
1996: Alemania - República Checa 2-1 (g.o.)
18%
1976: Checoslovaquia - Alemania Occidental 2-2 (t.s.) (5-3 p.)
18%
2000: Francia - Italia 2-1 (g.o.)
14%
1968: Italia - Yugoslavia 2-0
10%
1972: Alemania Occidental - Unión Soviética 3-0
10%
1980: Alemania Occidental - Bélgica 2-1
8%
No se encontraron pruebas coincidentes
Distribución de puntuación
Porcentaje de gente con cada puntuación
Porcentaje por número respondido
Historial de tus puntuaciones
No has intentado esta prueba desde el último reinicio